000
00333nam a2200133Ia 4500
008
191201s2019 xx 000 0 und d
020
_a
9789382609810
100
_a
JEEVA, Jose
245
0
_a
Introduction to Computing & Problem Solving With PYTHON
260
_b
Khanna Pub
_c
2019
300
_a
271
650
_a
MCA
942
_2
ddc
_c
BK
999
_c
6814
_d
6814